Guía para el cálculo de los precios en la construcción / (Record no. 76395)

MARC details
000 -LEADER
campo de control de longitud fija 00511nam a2200169 i 4500
001 - NÚMERO DE CONTROL
campo de control 76395
003 - IDENTIFICADOR DE NÚMERO DE CONTROL
campo de control ES-MaACL
005 - FECHA Y HORA DE LA ÚLTIMA TRANSACCIÓN
campo de control 20230906172829.0
007 - CAMPO FIJO DE DESCRIPCIÓN FÍSICA--INFORMACIÓN GENERAL
campo de control de longitud fija t|
008 - DATOS DE LONGITUD FIJA--INFORMACIÓN GENERAL
campo de control de longitud fija 041001s1970 sp ||||1| spa d
245 00 - MENCIÓN DEL TÍTULO
Título Guía para el cálculo de los precios en la construcción /
Mención de responsabilidad, etc. [traducción y revisión, Pedro Camps Vehí].
260 ## - PUBLICACIÓN, DISTRIBUCIÓN, ETC.
Lugar de publicación, distribución, etc. Barcelona :
Nombre del editor, distribuidor, etc. Sagitario,
Fecha de publicación, distribución, etc. 1970.
300 ## - DESCRIPCIÓN FÍSICA
Extensión 107 p. ;
Dimensiones 32 cm.
700 1# - ENTRADA AGREGADA--NOMBRE PERSONAL
Nombre de persona Camps Vehi, Pedro.
9 (RLIN) 199629
852 ## - LOCALIZACIÓN
Ubicación ES-MaACL
Número de control de estantería C-46210
Sublocalización o colección R.75057
Holdings
Estatus retirado Estado de pérdida Estado de daño No para préstamo Biblioteca de origen Biblioteca actual Ubicación en estantería Fecha de adquisición Fuente de adquisición Total de préstamos Signatura topográfica completa Código de barras Visto por última vez Precio de reemplazo Tipo de ítem Koha
        Biblioteca del Ateneo de Madrid Biblioteca del Ateneo de Madrid Depósito 2 17/01/2008     C-46210 1079948 23/02/2023 23/02/2023 Libro impreso